Neal-Schuman complete internet companion for Librarians. / (Record no. 3124)

MARC details
000 -LEADER
fixed length control field 01553nam a22001697a 4500
008 - FIXED-LENGTH DATA ELEMENTS--GENERAL INFORMATION
fixed length control field 140711b xxu||||| |||| 00| 0 eng d
020 ## - INTERNATIONAL STANDARD BOOK NUMBER
International Standard Book Number 15557041
050 ## - LIBRARY OF CONGRESS CALL NUMBER
Classification number TK5105.875.I57B46
100 ## - MAIN ENTRY--PERSONAL NAME
Personal name Benson, Allen C.
245 ## - TITLE STATEMENT
Title Neal-Schuman complete internet companion for Librarians. /
Statement of responsibility, etc. Allen C. Benson
250 ## - EDITION STATEMENT
Edition statement 2nd ed.
260 ## - PUBLICATION, DISTRIBUTION, ETC.
Place of publication, distribution, etc. New York:
Name of publisher, distributor, etc. Neal-Schuman Publishers Inc,
Date of publication, distribution, etc. 2001.
300 ## - PHYSICAL DESCRIPTION
Extent xxxi,566p.:
Dimensions 26cm.
500 ## - GENERAL NOTE
General note Includes appendices.
505 ## - FORMATTED CONTENTS NOTE
Formatted contents note Contents: Essential background: What is the internet -- Internet addressing systems -- Copyright and digital information -- Librarians' roles in a global network environment -- What you need to get ready: Connecting to the internet -- Tips on choosing hardware -- Software for establishing a basic connection -- Developing your software toolbox -- General security and virus protection -- Tools and resources: Happy hacking in unix -- Lynx for hard-core searching -- Resource discovery on the web -- Transferring files on the internet -- Telnet: Remote login -- Archie -- Online lLibrary catalogue -- Free-nets -- Integrating tools into traditional reference practice -- Integrating tools into other Library services -- Virtually yours for free -- The multimedia experience: Creating and editing multimedia -- Multimedia on the web -- Communication systems: E-mail -- Mailing lists -- Usenet news -- Your Library as an electronic publisher: Publishing on the web -- Implementing web-based search engines and databases -- Digital publishers and digital Libraries.
942 ## - ADDED ENTRY ELEMENTS (KOHA)
Source of classification or shelving scheme Library of Congress Classification
Koha item type Books
Holdings
Withdrawn status Lost status Source of classification or shelving scheme Damaged status Not for loan Home library Current library Shelving location Date acquired Total Checkouts Full call number Barcode Date last seen Copy number Price effective from Koha item type
    Library of Congress Classification     WISCONSIN INTERNATIONAL UNIVERSITY COLLEGE, GHANA - MAIN LIBRARY WISCONSIN INTERNATIONAL UNIVERSITY COLLEGE, GHANA - MAIN LIBRARY Reference 11/07/2014   TK5105.875.I57B46 7515/543/13 11/07/2014 1 11/07/2014 Books

If you have any concerns or questions; kindly contact the library


© Powered by WIUC ICT DIRECTORATE